| 000 | 01247nam a22003617a 4500 | ||
|---|---|---|---|
| 003 | CHAP | ||
| 005 | 20220329135540.0 | ||
| 008 | 971013s1976 r 00010 d | ||
| 010 | _a38326 | ||
| 011 | _a39298 | ||
| 035 | _a43418 | ||
| 040 | _cCHAP | ||
| 090 | _aFolleto 3205 | ||
| 100 | 0 | 0 |
_aPedrín Osuna, Oscar A. _986563 |
| 245 |
_aInforme de la pesca de sardina en el Golfo de California. Temporada 1972 _c/ 73 : descargadas en el Puerto de Guaymas, Son. |
||
| 260 |
_aMéxico : _bInstituto Nacional de Pesca, _c1976 |
||
| 300 | _apág. varía | ||
| 490 |
_aSerie Información _v; i47 |
||
| 590 |
_aBATCH-UPD _b10 _c20130110 _lUCH01 _h0050 |
||
| 590 |
_aBATCH-UPD _b10 _c20130110 _lUCH01 _h1316 |
||
| 590 |
_aBATCH-UPD _b10 _c20130409 _lUCH01 _h2037 |
||
| 590 |
_aBATCH-UPD _b10 _c20130410 _lUCH01 _h0827 |
||
| 590 |
_aBATCH-UPD _b10 _c20130914 _lUCH01 _h1649 |
||
| 590 |
_aCONVERSION _b10 _c20130109 _lUCH01 _h1321 |
||
| 650 | 1 | 4 |
_aPesquería _xMéxico. _987511 |
| 650 | 1 | 4 |
_aSardina. _9102625 |
| 700 | 0 |
_aMolina Valdez, Daniel. _977396 |
|
| 710 | 0 |
_aInstituto Nacional de Pesca. México. _959386 |
|
| 830 | 0 |
_aSerie Información _v; i47 _9104909 |
|
| 901 | _aBK | ||
| 942 | _cFOLL | ||
| 949 |
_aFolleto 3205 _bBC _cFOLL _d-99483 _eTS1 _i43418 _mD _si |
||
| 999 |
_c38326 _d38326 |
||